Compendio de la vida del Apostólico varón P. Ignacio García, de la Compañía de Jesús, escrito por el Padre Manuel José Alvarez de la misma Compañía

Wedi'i Gadw mewn:
Manylion Llyfryddiaeth
Prif Awdur: Alvarez, José Manuel (Awdur)
Fformat: Llyfr
Iaith:Sbaeneg
Cyhoeddwyd: Santiago Imprenta de El Independiente 1865
Rhifyn:1a. ed
Pynciau:
Tagiau: Ychwanegu Tag
Dim Tagiau, Byddwch y cyntaf i dagio'r cofnod hwn!

MARC

LEADER 00000nam a2200000 a 4500
001 UCJ4227
003 CL-VaPUC
008 070124e18650100CL |||||||||||||||||spa|d
082 0 4 |a 922  |b GAR  |2 21 
100 0 |a Alvarez, José Manuel  |e author  |9 507471 
245 1 0 |a Compendio de la vida del Apostólico varón P. Ignacio García, de la Compañía de Jesús, escrito por el Padre Manuel José Alvarez de la misma Compañía 
250 |a 1a. ed 
300 |a 192 p 
942 |c BK 
945 |d 20070124 00:00:00  |a rinostro 
260 |a Santiago  |b Imprenta de El Independiente  |c 1865 
600 0 7 |a GARCIA, IGNACIO  |2 CL-VaPUC  |9 507472 
650 7 |a BIOGRAFIA  |2 CL-VaPUC  |9 504622 
650 0 |a Sacerdotes   |9 315705 
650 0 |a Jesuitas  |9 268366 
650 7 |a MILAGROS  |2 CL-VaPUC  |9 334044 
651 7 |a CHILE  |2 CL-VaPUC  |9 507473 
583 |a last modification  |c 20070124 00:00:00  |k Rodrigo Vera 
999 |c 320344  |d 320342 
952 |0 0  |1 0  |4 0  |6 922_000000000000000_GAR_1865  |7 0  |8 X  |9 398851  |a FDOBUD  |b FDOBUD  |d 2019-11-22  |i 1015354  |o 922 GAR 1865  |p 1015354  |r 2019-11-22  |w 2019-11-22  |y BK_X  |k BUD